| 000 | 00000nam 2200000za 4500 |
| 001 | 9.813996 |
| 003 | CaOODSP |
| 005 | 20221107141656 |
| 007 | cr ||||||||||| |
| 008 | 160503s2016 qucabo o f000 0 eng d |
| 020 | |a978-0-660-05003-4 |
| 040 | |aCaOODSP|beng |
| 043 | |an-cn--- |
| 086 | 1 |aTU3-7/15-C0045E-PDF |
| 110 | 2 |aTransportation Safety Board of Canada. |
| 245 | 10|aFire and sinking, fishing vessel Frederike, C-2, Rimouski, Quebec, 28 April 2015 |h[electronic resource]. |
| 260 | |aGatineau, Quebec : |bTransportation Safety Board of Canada, |cc2016. |
| 300 | |aiv, 28 p. : |bill. |
| 490 | 1 |aMarine investigation report ; |vM15C0045 |
| 500 | |aIssued also in French under title: Incendie et naufrage, bateau de pêche Frederike, C-2, Rimouski (Québec), 28 avril 2015. |
| 692 | 07|2gccst|aMarine accidents |
| 692 | 07|2gccst|aFishing ships |
| 692 | 07|2gccst|aInvestigations |
| 775 | 08|tIncendie et naufrage, bateau de pêche Frederike, C-2, Rimouski (Québec), 28 avril 2015 |w(CaOODSP)9.814000 |
| 830 | #0|aMarine investigation report ;|vM15C0045|w(CaOODSP)9.504867 |
| 856 | 40|qPDF|s1,016 KB|uhttps://publications.gc.ca/collections/collection_2016/bst-tsb/TU3-7-15-C0045-eng.pdf |